1410 1829 1759 1171 1361 1178 1725 1583 1943 1775 1693 1589 1215 1744 1934 1146 1097 1715 1624 1639 1811 1008 1339 1898 1025 1007 1434 1067 1405 1969 1957 1683 1090 1911 1284 1699 1367 1630 1299 1988 1200 1043 1592 1284 1922 1335 1369 1932 1415 1173 1392 1794 1580 1465 1951 1203 1447 1786 1357 1035 1324 1156 1388 1152 1931 1503 1196 1081 1721 1655 1998 1823 1104 1482 1679 1740 1889 1695 1985 1080 1172 1237 1882 1144 1864 1274 1658 1305 1706 1225 1305 1387 1861 1470 1930 1760 1135 1470 1315 BCNSPRNW ULIB Ver.6.0+V

เปลี่ยนเป็นภาษาไทย

Change to English
 แสดงรายละเอียดบรรณานุกรม
  กลับหน้าหลัก

Brief Record : Get Marc (ISO 2709) : E-mail record : QR code < ปิดหน้าต่าง
LEADER : 00000nam a2200000Ia 4500
001    13399114814
003     ULIB
008    011002s2554 th 000 0 tha d
060 04 ^aWY16^bป349ป
111 2  ^aประมวลการประชุมพยาบาลศาสตร์ศึกษาแห่งชาติ ครั้งที่ 5
245 10 ^aประมวลการประชุมพยาบาลศาสตร์ศึกษาแห่งชาติ ครั้งที่ 5 เรื่อง การจัดการศึกษา ระดับบัณฑิตศึกษา สาขาพยาบาลศาสตร์ เพื่อตอบสนองความต้องการของสังคม ^cสภาการพยาบาล วันที่ 24-26 สิงหาคม 2554 ณ สถาบันวิจัยจุฬาภรณ์ กรุงเทพมหานคร
246 30 ^aารจัดการศึกษา ระดับบัณฑิตศึกษา สาขาพยาบาลศาสตร์ เพื่อตอบสนองความต้องการของสังคม
260    ^aกรุงเทพฯ :^bสภาการพยาบาล} ^c2554
300    ^a80 หน้า ;^c29 ซม.
500    ^a ที่ประชุมคระบดีและหัวหน้าสถาบันการศึกษาสาขาพยาบาลศาสตร์ของรัฐสังกัดคณะกรรมการการอุดมศึกษา (ทคพย.)ร่วมกับสภาการพยาบาล
650  4 ^aการพยาบาล^vการประชุม
650  4 ^aพยาบาล^vการประชุม
710 2  ^aสภาการพยาบาล
945    ^p0^l0^i031800
945    ^p0^l0^i031801
945    ^p0^l0^i031802
945    ^p0^l0^i031803
995    ^aเกษร
999 ^a ใช้งานได้ทุกระบบ
รายการนี้ยังไม่มีแท็ก
คุณยังไม่ได้ล็อกอิน คุณสามารถมีกิจกรรมร่วมกับเว็บไซต์ได้ แต่ต้องล็อกอินก่อน ::
  ล็อกอิน

รายการสื่อสารสนเทศ

ลำดับที่ ประเภท เลขเรียก/บาร์โค้ด สถานที่ สถานะ
1. วิทยาศาสตร์การแพทย์ และสุขภาพ
หนังสือสำรอง
สถานะ=หนังสือสำรอง
WY16 ป349ป ฉ.1 
  Barcode: 031800
ห้องสมุดวิทยาเขตสวรรค์ประชารักษ์
►ส่วนจัดเก็บหนังสือเก่า สปร
บนชั้น
  ขอยืม

BibComment


ยังไม่เคยถูกคอมเมนท์

คอมเมนท์ทรัพยากรรายการนี้
  คอมเมนท์: ประมวลการประชุมพ..


 Copyright 2026. Bcnsprnw @Library